000 00822nam a2200217 4500
003 CO-ViMGA
020 _a9789589954959
040 _aCO-ViMGA
_bspa
_cCO-ViMGA
090 _aC MER2
100 1 _aMerino, Gemma
_97944
245 1 0 _aEl cocodrilo al que no le gustaba el agua /
_cGemma Merino ; traducción, Joana Delgado Sánchez
260 _aBogotá :
_bEdiciones Gaviota
300 _a[28] páginas sin numerar :
_bilustraciones en color ; 20 cm.
490 _aPlan Nacional de Lectura y Escritura Leer es mi Cuento / Ministerio de Cultura
500 _a De 4 A 6 Años
650 1 4 _a Libros Ilustrados Para Niños
_987
650 1 4 _a Literatura Infantil Española - Siglo Xx
_97938
650 1 4 _aCuentos Infantiles Españoles - Siglo Xx
_97945
700 1 _aDelgado Sánchez, Joana,
_eTr.
_97946
942 _2ddc
_cBK
999 _c7721
_d7721